000 00742nam a22002171 4500
001 l 58000024
003 DLC
005 20260227111545.0
008 840914s1958 dcu f00010 eng
010 _al 58000024 //r84
040 _aDLC/ICU
_cICU
043 _an-us---
050 0 _aHD7256.U5
_bA57 1958
082 0 _a331.86
_a371.91*
110 1 0 _aUnited States.
_bPresident's Committee on Employment of the Physically Handicapped.
245 1 0 _aReports on employment of the handicapped:
_bPersonnel and industrial relations, Two doctors, The safety engineer.
260 0 _a[Washington,
_bU.S. Govt. Print. Off.,
_c1958]
300 _av, 37 p.
_c24 cm.
500 _aCover title.
650 0 _aVocational rehabilitation
_zUnited States.
999 _c36959
_d36959